Metal bands in french - Statistics

General Stats
  • This quiz has been taken 71 times
  • The average score is 16 of 31
Answer Stats
French translation Band name % Correct
Sabbat noir Black Sabbath
95%
Prêtre de Judas Judas Priest
92%
Je I
88%
Tête de motëur Motörhead
77%
Corps cannibales Cannibal Corpse
75%
Flingues et roses Guns 'n' Roses
72%
Violet profond Deep Purple
70%
Vierge de fer Iron Maiden
68%
Bizcuit mou Limp Bizkit
62%
Théâtre du rêve Dream Theater
60%
Paradis perdu Paradise Lost
60%
Culte de l'huïtre bleue Blue Öyster Cult
58%
Société du label noir Black Label Society
57%
Agneau de dieu Lamb of God
53%
Anges Morbides Morbid Angels
52%
Bisou Kiss
50%
Souhait de nuit Nightwish
50%
Courant Alternatif/Courant Continu AC/DC
48%
Venin Venom
48%
Ongles de neuf pouces Nine Inch Nails
45%
Reines de l'âge de pierre Queens of the Stone Age
45%
Ma fiancée mourante My Dying Bride
43%
Gel celtique Celtic Frost
42%
Foi pas plus Faith no More
42%
ŒilDétesteDieu EyeHateGod
40%
Vengé au septuple Avenged Sevenfold
35%
Aux portes At the Gates
32%
Berceau de la crasse Cradle of Filth
30%
Destin plein de pitié Mercyful Fate
22%
Enseveli Entombed
15%
Ténèbres Burzum
7%
No matching quizzes found
Score Distribution
Percent of People with Each Score
Percentile by Number Answered
Your Score History
You have not taken this quiz